[Event "Nordstrand GP Langsjakk 2019"]
[Site "Lambertseter gård"]
[Date "2019.04.05"]
[Round "1"]
[White "Tryggestad, Andreas G"]
[Black "Fossan, Aleksander"]
[Result "1-0"]
[WhiteElo "2305"]
[BlackElo "2105"]
[PlyCount "57"]
[EventDate "2019.??.??"]

1. d4 d6 2. e4 Nf6 3. Nc3 e5 4. Nf3 Nbd7 5. Bc4 Be7 6. O-O Nb6 7. Be2 exd4 8.
Nxd4 O-O 9. Be3 d5 10. e5 Ne4 11. Nxe4 dxe4 12. c4 Bc5 13. b4 Bxb4 14. Qc2 Qe7
15. Qxe4 Nd7 16. Rab1 a5 17. Bf4 Nc5 18. Qf3 Ne6 19. Nf5 Qc5 20. Qg3 g6 $1 21.
Be3 Qc6 22. Rxb4 $1 Kh8 23. Ne7 Qe8 24. Nd5 axb4 25. Nf6 Qe7 26. Qh4 h5 27.
Bxh5 Kg7 28. Bh6+ Kh8 29. Bxg6
1-0

[Event "Nordstrand GP Langsjakk 2019"]
[Site "Lambertseter gård"]
[Date "2019.04.05"]
[Round "1"]
[White "Gonzales, Francisco Silva"]
[Black "Hobber, Anders"]
[Result "1/2-1/2"]
[WhiteElo "2098"]
[BlackElo "2295"]
[PlyCount "45"]
[EventDate "2019.??.??"]

1. d4 d5 2. c4 c6 3. Nc3 Nf6 4. e3 a6 5. Qc2 g6 6. Bd3 Bg7 7. Nf3 O-O 8. b3 c5
9. dxc5 dxc4 10. bxc4 Nc6 11. Rb1 Nd7 12. Na4 Nxc5 13. Nxc5 Qa5+ 14. Bd2 Qxc5
15. O-O Rb8 16. Rfc1 Rd8 17. h3 Be6 18. Be4 Rd7 19. Qa4 Rc8 20. Be1 h6 21. Nd2
Bf5 22. Bxf5 Qxf5 23. Nf3
1/2-1/2

[Event "Nordstrand GP Langsjakk 2019"]
[Site "Lambertseter gård"]
[Date "2019.04.05"]
[Round "1"]
[White "Altarbosh, Ward"]
[Black "Egeland, Finn"]
[Result "0-1"]
[WhiteElo "2277"]
[BlackElo "2068"]
[PlyCount "88"]
[EventDate "2019.??.??"]

1. e4 e5 2. Nf3 Nc6 3. Bb5 a6 4. Ba4 Nf6 5. O-O Be7 6. Qe2 b5 7. Bb3 d6 8. c3
O-O 9. Rd1 Na5 10. Bc2 c5 11. d4 Qc7 12. d5 g6 13. Bh6 Re8 14. b3 Nh5 15. Nbd2
Bf8 16. Bg5 Bg7 17. g3 h6 18. Be3 Bg4 19. Rdc1 Qd7 20. b4 Nb7 21. a4 c4 22. Ra2
f5 23. exf5 gxf5 24. h3 Bxh3 25. Nh4 Nf6 26. Qf3 e4 27. Qh1 Bg4 28. Ng6 Nxd5
29. Nxe4 Nxe3 30. fxe3 d5 31. axb5 dxe4 32. Qh2 axb5 33. Rca1 Rxa2 34. Rxa2 Rd8
35. Ra7 Qc7 36. Ra6 Nd6 37. Qh4 Nf7 38. Ne7+ Kh7 39. Nc6 Ng5 40. Kf1 Bh3+ 41.
Ke2 Rd2+ 42. Kxd2 Nf3+ 43. Kc1 Nxh4 44. gxh4 Qb7
0-1

[Event "Nordstrand GP Langsjakk 2019"]
[Site "Lambertseter gård"]
[Date "2019.04.05"]
[Round "2"]
[White "Hobber, Anders"]
[Black "Melaa, Sondre Lillestøl"]
[Result "1-0"]
[WhiteElo "2295"]
[BlackElo "1991"]
[PlyCount "65"]
[EventDate "2019.??.??"]

1. d4 d5 2. Nf3 Nf6 3. e3 e6 4. Bd3 c5 5. b3 Nc6 6. a3 Be7 7. Bb2 O-O 8. Nbd2
b6 9. O-O Bb7 10. Qe2 Rc8 11. Ne5 Qc7 12. f4 Ne4 13. Nxe4 Nxe5 14. Nf6+ gxf6
15. dxe5 f5 16. c4 dxc4 17. bxc4 Rcd8 18. Bc2 Qc6 19. Rad1 Kh8 20. e4 Rg8 21.
Rd6 Qc8 22. g3 Rgf8 23. exf5 f6 24. Rxe6 Rf7 25. exf6 Bf8 26. Re7 Rd7 27. Rd1
Qc6 28. Be4 Rxd1+ 29. Qxd1 Qxe4 30. Rxe4 Bxe4 31. g4 b5 32. Qe2 Bb1 33. Qe6
1-0

[Event "Nordstrand GP Langsjakk 2019"]
[Site "Lambertseter gård"]
[Date "2019.04.05"]
[Round "2"]
[White "Tunsjø, Axel"]
[Black "Altarbosh, Ward"]
[Result "0-1"]
[WhiteElo "1946"]
[BlackElo "2277"]
[PlyCount "102"]
[EventDate "2019.??.??"]

1. e4 e6 2. d3 d5 3. Nd2 Nf6 4. g3 b6 5. Bg2 Bb7 6. e5 Nfd7 7. Ngf3 c5 8. O-O
Nc6 9. Re1 g5 10. c4 Nb4 11. Nf1 h6 12. a3 Na6 13. cxd5 Bxd5 14. Ne3 Nc7 15.
Nxd5 Nxd5 16. Nd2 Bg7 17. Bxd5 exd5 18. e6 fxe6 19. Rxe6+ Kf7 20. Rd6 Qe7 21.
Rxd5 Qe6 22. Qb3 Ne5 23. f4 gxf4 24. gxf4 Rad8 25. Rxd8 Qxb3 26. Nxb3 Nf3+ 27.
Kf2 Rxd8 28. Nxc5 Nxh2 29. Ne4 Rxd3 30. Ra2 Ng4+ 31. Ke2 Rb3 32. a4 Ke6 33. a5
Kd5 34. axb6 axb6 35. Nf2 h5 36. Nxg4 hxg4 37. Ra3 Rxa3 38. bxa3 Ke4 39. Kf2 b5
40. Kg3 Kf5 41. Bd2 Bb2 42. Bb4 Bc1 43. Bd6 Be3 44. Be5 Bc1 45. Bd6 Bd2 46. Be5
Be1+ 47. Kg2 Bh4 48. Bd6 Ke4 49. Be5 Be7 50. Kg3 Kf5 51. Bb2 Bc5
0-1

[Event "Nordstrand GP Langsjakk 2019"]
[Site "Lambertseter gård"]
[Date "2019.04.05"]
[Round "2"]
[White "Storme, Isak"]
[Black "Støre, Trond"]
[Result "1-0"]
[WhiteElo "2270"]
[BlackElo "2106"]
[PlyCount "73"]
[EventDate "2019.??.??"]

1. c4 Nf6 2. Nc3 c5 3. Nf3 e6 4. e3 Nc6 5. d4 d5 6. a3 a6 7. dxc5 Bxc5 8. b4
Be7 9. Bb2 O-O 10. h3 dxc4 11. Bxc4 Qxd1+ 12. Rxd1 b5 13. Bd3 Bb7 14. Ke2 Rfd8
15. Ne4 Rxd3 16. Rxd3 Nxe4 17. Rd7 Rb8 18. Rc1 Bf6 19. Rxb7 Rxb7 20. Rxc6 Rd7
21. Rxa6 h6 22. Bxf6 gxf6 23. Nd4 e5 24. Nxb5 Rd2+ 25. Ke1 Ra2 26. f3 Ng3 27.
Rxf6 Rxg2 28. Nc3 Kg7 29. Rc6 Nf5 30. Ne2 Nxe3 31. b5 Nf5 32. a4 Rh2 33. a5
Rh1+ 34. Kd2 Ra1 35. a6 Ra5 36. b6 Ne7 37. Rc8
1-0

[Event "Nordstrand GP Langsjakk 2019"]
[Site "Lambertseter gård"]
[Date "2019.04.05"]
[Round "2"]
[White "Markussen, Petter Bjørnstad"]
[Black "Nordquelle, Daniel"]
[Result "0-1"]
[WhiteElo "1872"]
[BlackElo "2264"]
[PlyCount "58"]
[EventDate "2019.??.??"]

1. c4 e6 2. Nc3 d5 3. e3 Nf6 4. Nf3 b6 5. Be2 Bb7 6. O-O Bd6 7. b3 O-O 8. Bb2
a6 9. d4 Nbd7 10. Rc1 Qe7 11. Qc2 Ne4 12. Nxe4 dxe4 13. Ne5 Nb8 14. c5 Bxe5 15.
dxe5 b5 16. Rfd1 Bd5 17. Bf1 Nc6 18. a3 Qg5 19. Qc3 Rfb8 20. b4 Rd8 21. g3 Qf5
22. Ra1 h6 23. a4 Rab8 24. axb5 axb5 25. Ra6 Bc4 26. Raa1 Bxf1 27. Kxf1 Qf3 28.
Qe1 Qh1+ 29. Ke2 Qxh2
0-1

[Event "Nordstrand GP Langsjakk 2019"]
[Site "Lambertseter gård"]
[Date "2019.04.05"]
[Round "2"]
[White "Rishovd, Svein"]
[Black "Gonzales, Francisco Silva"]
[Result "0-1"]
[WhiteElo "2109"]
[BlackElo "2098"]
[PlyCount "96"]
[EventDate "2019.??.??"]

1. d4 Nf6 2. c4 e6 3. Nc3 Bb4 4. e3 O-O 5. Nf3 c5 6. Bd3 d5 7. cxd5 exd5 8.
dxc5 Nbd7 9. O-O Nxc5 10. Ne2 Bg4 11. Nfd4 Ba5 12. a3 Bc7 13. f3 Bd7 14. b4 Na4
15. Nb5 Be5 16. Ra2 Nb6 17. f4 Bb8 18. Nbd4 Re8 19. h3 Nc4 20. Rf3 Ne4 21. Qc2
Bd6 22. Bxe4 dxe4 23. Rf1 Rc8 24. Qb3 b5 25. Bd2 Qh4 26. Be1 Qf6 27. Bg3 a6 28.
Kh2 Qh6 29. Kg1 Kh8 30. Bh2 Bb8 31. Ng3 Ba7 32. Re2 Qf6 33. Rd1 Rcd8 34. Kh1
Bc8 35. Bg1 Qg6 36. Kh2 f5 37. Nf1 Bb7 38. Bf2 Bd5 39. Qc3 Qf7 40. Ng3 Be6 41.
Ree1 Bxd4 42. Rxd4 Rxd4 43. exd4 Bd5 44. Nf1 Qc7 45. Be3 Re6 46. Rc1 Rc6 47.
Qa1 Nxe3 48. Rxc6 Nxf1+
0-1

[Event "Nordstrand GP Langsjakk 2019"]
[Site "Lambertseter gård"]
[Date "2019.04.05"]
[Round "2"]
[White "Olsen, Robin"]
[Black "Eliseev, Sergey"]
[Result "0-1"]
[WhiteElo "2044"]
[BlackElo "1867"]
[PlyCount "68"]
[EventDate "2019.??.??"]

1. d4 g6 2. c4 Bg7 3. Nc3 Nf6 4. e4 d6 5. f3 O-O 6. Be3 c5 7. d5 e6 8. Qd2 exd5
9. cxd5 Nbd7 10. Nh3 Ne5 11. Nf2 a6 12. a4 Bd7 13. a5 b5 14. axb6 Qxb6 15. Rb1
Qb3 16. Qd1 Rfb8 17. Qxb3 Rxb3 18. Kd2 a5 19. Kc2 Rab8 20. h3 Nh5 21. f4 Bh6
22. Nfd1 Bxf4 23. Bxf4 Nxf4 24. Ne3 a4 25. g3 Nh5 26. g4 Ng3 27. Rg1 Nxf1 28.
Rgxf1 Bb5 29. Nxb5 R8xb5 30. Nd1 Nc4 31. Ra1 Nxb2 32. Nc3 R5b4 33. Nxa4 Nc4 34.
Rh1 Na3+
0-1

[Event "Nordstrand GP Langsjakk 2019"]
[Site "Lambertseter gård"]
[Date "2019.04.05"]
[Round "2"]
[White "Aarnes, Carl Christian"]
[Black "Grøver, Sigurd Loe"]
[Result "1-0"]
[WhiteElo "1808"]
[BlackElo "2020"]
[PlyCount "107"]
[EventDate "2019.??.??"]

1. d4 d5 2. Nf3 c5 3. e3 Nf6 4. Bb5+ Nc6 5. Ne5 Qa5+ 6. Nc3 Qc7 7. Qf3 a6 8.
Nxd5 Qd6 9. Nxf6+ exf6 10. Bxc6+ bxc6 11. Qxc6+ Qxc6 12. Nxc6 Bb7 13. d5 Kd7
14. Bd2 Bxc6 15. dxc6+ Kxc6 16. O-O-O Bd6 17. Bc3 Rhe8 18. Rd2 f5 19. g3 g6 20.
Rhd1 Rad8 21. Bf6 Rd7 22. c4 Re6 23. Bg5 Rb7 24. b3 a5 25. Bf4 Be7 26. h4 a4
27. Rb2 Bf6 28. Rb1 a3 29. Kc2 Be7 30. Rd5 f6 31. Rbd1 Ra7 32. R1d3 h5 33. Kc3
g5 34. hxg5 fxg5 35. Be5 Rxe5 36. Rxe5 Bf6 37. Rdd5 Bxe5+ 38. Rxe5 Rh7 39. Rxf5
h4 40. gxh4 gxh4 41. Rf6+ Kd7 42. Rg6 h3 43. Rg1 Ke6 44. b4 h2 45. Rh1 Kf5 46.
f3 Rh3 47. bxc5 Rxf3 48. Rxh2 Rxe3+ 49. Kb4 Ke6 50. Rd2 Rh3 51. c6 Rh8 52. Rd3
Rb8+ 53. Kc5 Ke7 54. c7
1-0

[Event "Nordstrand GP Langsjakk 2019"]
[Site "Lambertseter gård"]
[Date "2019.04.05"]
[Round "2"]
[White "Ness, Jarle"]
[Black "Johnsen, Sylvia"]
[Result "1-0"]
[WhiteElo "1789"]
[BlackElo "1949"]
[PlyCount "79"]
[EventDate "2019.??.??"]

1. e4 e5 2. Nf3 Nc6 3. Bc4 Bc5 4. c3 Nf6 5. d3 d6 6. O-O O-O 7. Nbd2 a6 8. Bb3
Ba7 9. Re1 Ng4 10. Re2 Na5 11. Bc2 c5 12. h3 Nf6 13. Nf1 Nc6 14. a4 b5 15. axb5
axb5 16. Bg5 Be6 17. Ne3 h6 18. Bh4 g5 19. Nxg5 hxg5 20. Bxg5 Kg7 21. Nd5 Bxd5
22. exd5 Ne7 23. Re3 Nh7 24. Bh4 Qd7 25. Rg3+ Ng6 26. Qh5 Rh8 27. d4 Nhf8 28.
Qg5 cxd4 29. Qf6+ Kg8 30. Bf5 Qc7 31. cxd4 Rh7 32. Kf1 Qc4+ 33. Bd3 Qxd4 34.
Bxg6 Nxg6 35. Rxg6+ fxg6 36. Qxg6+ Rg7 37. Qe6+ Kh7 38. Qf5+ Kh6 39. g4 Qf4 40.
Qh5#
1-0

[Event "Nordstrand GP Langsjakk 2019"]
[Site "Lambertseter gård"]
[Date "2019.04.05"]
[Round "2"]
[White "Selbekk, Vebjørn"]
[Black "Lindmo, Arne K"]
[Result "1-0"]
[WhiteElo "1937"]
[BlackElo "1810"]
[PlyCount "65"]
[EventDate "2019.??.??"]

1. e4 c6 2. Nf3 d5 3. e5 Bg4 4. h3 Bh5 5. d4 e6 6. Bd3 c5 7. c3 c4 8. Bc2 Ne7
9. Bf4 Nbc6 10. Nbd2 Bg6 11. O-O Bxc2 12. Qxc2 Ng6 13. Bh2 b5 14. Ne1 Be7 15.
f4 Nh4 16. g3 Nf5 17. Ng2 h5 18. Rae1 h4 19. g4 Ng3 20. Rf3 Kd7 21. Ree3 g6 22.
Bxg3 hxg3 23. Rxg3 a5 24. f5 gxf5 25. gxf5 Rh5 26. Ref3 Qh8 27. fxe6+ fxe6 28.
Nf4 Rg5 29. Rxg5 Bxg5 30. Nxe6 Kxe6 31. Qf5+ Ke7 32. Qxg5+ Ke8 33. Qg6+
1-0

[Event "Nordstrand GP Langsjakk 2019"]
[Site "Lambertseter gård"]
[Date "2019.04.05"]
[Round "2"]
[White "Egeland, Finn"]
[Black "Tryggestad, Andreas G"]
[Result "0-1"]
[WhiteElo "2068"]
[BlackElo "2305"]
[PlyCount "130"]
[EventDate "2019.??.??"]

1. e4 c5 2. Nf3 e6 3. d4 cxd4 4. Nxd4 Nc6 5. Nc3 Qc7 6. Be3 Nf6 7. Qd2 Nxd4 8.
Bxd4 e5 9. Be3 Bb4 10. f3 d6 11. a3 Bxc3 12. Qxc3 Qxc3+ 13. bxc3 Be6 14. Bd3
Ke7 15. O-O Rhc8 16. Rfb1 b6 17. a4 Rxc3 18. a5 bxa5 19. Rb7+ Nd7 20. Rxa5 a6
21. f4 exf4 22. Bxf4 Rc5 23. Ra4 Rc6 24. h3 Kd8 25. Bb5 Rxc2 26. Bxd7 Bxd7 27.
Rd4 Kc8 28. Rb6 Rc6 29. Rb2 a5 30. Bxd6 a4 31. Rbd2 Be6 32. Ba3 Kb7 33. Rb4+
Rb6 34. Rdb2 Bb3 35. Rxb6+ Kxb6 36. Rd2 Rc8 37. Rd6+ Kb5 38. Rd7 Rc2 39. Rb7+
Kc6 40. Ra7 Re2 41. Bf8 g6 42. Ra6+ Kb5 43. Ra7 Rxe4 44. Kf2 Kb6 45. Ra8 Rc4
46. Ke3 Rc2 47. g3 Rc3+ 48. Kf4 Bd1 49. h4 Rf3+ 50. Kg5 Rxg3+ 51. Kh6 Kb5 52.
Kxh7 g5 53. hxg5 Rxg5 54. Rb8+ Kc4 55. Bg7 Bc2+ 56. Kg8 f5 57. Rc8+ Kd3 58.
Rd8+ Ke2 59. Kf7 f4 60. Bc3 Rc5 61. Re8+ Kd3 62. Be1 Bb3+ 63. Kf6 a3 64. Ra8 a2
65. Ra3 Kc2
0-1

[Event "Nordstrand GP Langsjakk 2019"]
[Site "Lambertseter gård"]
[Date "2019.04.05"]
[Round "3"]
[White "Eliseev, Sergey"]
[Black "Hobber, Anders"]
[Result "1/2-1/2"]
[WhiteElo "1867"]
[BlackElo "2295"]
[PlyCount "53"]
[EventDate "2019.??.??"]

1. e4 e6 2. d3 d5 3. Qe2 Be7 4. Nf3 Nf6 5. g3 c5 6. Bg2 Nc6 7. O-O O-O 8. e5
Nd7 9. c4 d4 10. h4 Qc7 11. Bf4 a6 12. Nbd2 b5 13. b3 Bb7 14. Rfe1 Rfe8 15. Ne4
Ncxe5 16. Nxe5 Nxe5 17. Qh5 f6 18. Nxf6+ gxf6 19. Rxe5 Bd6 20. Bxb7 Qxb7 21.
Re4 f5 22. Qg5+ Qg7 23. Qxg7+ Kxg7 24. Be5+ Kf7 25. Re2 Be7 26. a4 b4 27. Rae1
1/2-1/2

[Event "Nordstrand GP Langsjakk 2019"]
[Site "Lambertseter gård"]
[Date "2019.04.05"]
[Round "3"]
[White "Digernes, Magnus"]
[Black "Fossan, Aleksander"]
[Result "0-1"]
[WhiteElo "1953"]
[BlackElo "2105"]
[PlyCount "54"]
[EventDate "2019.??.??"]

1. d4 d6 2. c4 e5 3. dxe5 dxe5 4. Qc2 g6 5. Nf3 Bg7 6. Bg5 f6 7. Bd2 Nc6 8. e3
f5 9. Bc3 Qe7 10. Nbd2 e4 11. Bxg7 Qxg7 12. Nd4 Nxd4 13. exd4 Qxd4 14. Nb3 Qe5
15. O-O-O Bd7 16. c5 O-O-O 17. Bc4 Ne7 18. Na5 Qxc5 19. Qc3 Rhe8 20. Rd2 Nc6
21. Nxc6 Qxc6 22. Rhd1 b5 23. Rd4 bxc4 24. Rxc4 Qb6 25. Rb4 Bb5 (25... Qe6) (
25... Qxf2) 26. a4 Rxd1+ 27. Kxd1 Qxf2
0-1

[Event "Nordstrand GP Langsjakk 2019"]
[Site "Lambertseter gård"]
[Date "2019.04.05"]
[Round "3"]
[White "Lindmo, Arne K"]
[Black "Olsen, Robin"]
[Result "0-1"]
[WhiteElo "1810"]
[BlackElo "2044"]
[PlyCount "46"]
[EventDate "2019.??.??"]

1. e4 c6 2. d4 d5 3. Nc3 dxe4 4. Nxe4 Bf5 5. Ng3 Bg6 6. Nf3 Nd7 7. h4 h6 8. h5
Bh7 9. Bd3 Bxd3 10. Qxd3 e6 11. Bd2 Ngf6 12. O-O-O Be7 13. Qb3 Qc7 14. Kb1 a5
15. a4 O-O 16. Rhe1 b5 17. axb5 cxb5 18. Qxb5 Rfb8 19. Qa4 Nb6 20. Qa2 Nc4 21.
Bc1 Nd5 22. Ka1 Nb4 23. Qb3 Na3
0-1

[Event "Nordstrand GP Langsjakk 2019"]
[Site "Lambertseter gård"]
[Date "2019.04.05"]
[Round "3"]
[White "Sidali, Elias Hulleberg"]
[Black "Markussen, Petter Bjørnstad"]
[Result "0-1"]
[WhiteElo "1944"]
[BlackElo "1872"]
[PlyCount "52"]
[EventDate "2019.??.??"]

1. e4 e6 2. d4 d5 3. Nc3 Bb4 4. Nge2 dxe4 5. a3 Bxc3+ 6. Nxc3 Nc6 7. Bb5 Nge7
8. Nxe4 Qd5 9. Qe2 O-O 10. c3 f5 11. Ng3 Qxg2 12. Bf4 Nd5 13. Bxc6 bxc6 14. Be5
f4 15. Qf1 Qf3 16. Qe2 fxg3 17. Qxf3 Rxf3 18. hxg3 Ba6 19. Rh2 Ne3 20. Ra2 Ng4
21. Rg2 Raf8 22. Bxc7 Nxf2 23. Bf4 Ne4 24. Re2 Nxg3 25. Bd6 Bc4 26. b3 Rf1+
0-1

[Event "Nordstrand GP Langsjakk 2019"]
[Site "Lambertseter gård"]
[Date "2019.04.05"]
[Round "4"]
[White "Brodtkorb, Lars Johan"]
[Black "Tryggestad, Andreas G"]
[Result "1-0"]
[WhiteElo "2010"]
[BlackElo "2305"]
[PlyCount "85"]
[EventDate "2019.??.??"]

1. d4 Nf6 2. c4 g6 3. f3 e5 4. dxe5 Nh5 5. Nh3 Nc6 6. Bg5 Be7 7. Bxe7 Qxe7 8.
Nc3 Qxe5 9. Qd2 d6 10. Nf2 Be6 11. e3 O-O-O 12. Be2 f5 13. O-O f4 14. e4 g5 15.
Rfd1 Qg7 16. Nd5 Rhg8 17. Rac1 Nf6 18. b4 g4 $2 19. fxg4 Nxg4 20. Bxg4 Bxg4 21.
Nxg4 Qxg4 22. Nf6 Qg6 23. Nxg8 Rxg8 24. Rf1 Qxe4 25. Rxf4 Qe7 26. Rcf1 Ne5 27.
Qd5 Re8 28. c5 dxc5 29. Qxc5 Qxc5+ 30. bxc5 Kd7 31. Rf6 a5 32. Rd1+ Kc8 33. h3
Nd7 34. Rf5 c6 35. Kf1 Re5 36. Rxe5 Nxe5 37. Ke2 Nd7 38. Rc1 b6 39. cxb6 Kb7
40. Rb1 Nxb6 41. g4 c5 42. g5 Kc6 43. Rxb6+ 
1-0

[Event "Nordstrand GP Langsjakk 2019"]
[Site "Lambertseter gård"]
[Date "2019.04.05"]
[Round "4"]
[White "Hobber, Anders"]
[Black "Markussen, Petter Bjørnstad"]
[Result "1-0"]
[WhiteElo "2295"]
[BlackElo "1872"]
[PlyCount "141"]
[EventDate "2019.??.??"]

1. d4 Nf6 2. Bf4 g6 3. Nc3 d5 4. e3 Bg7 5. h4 h5 6. Nf3 c5 7. Nb5 Na6 8. c3
cxd4 9. exd4 O-O 10. Be2 Bg4 11. O-O Ne8 12. Re1 Nac7 13. a4 Nxb5 14. axb5 Nd6
15. Qb3 e6 16. Qb4 Ne4 17. Ng5 Nxg5 18. Bxg5 Bf6 19. Bxf6 Qxf6 20. Bxg4 hxg4
21. g3 g5 22. hxg5 Qxg5 23. Qd6 Kg7 24. Qe5+ Qxe5 25. dxe5 Rfc8 26. Ra4 Rc5 27.
Rxg4+ Kf8 28. Rb4 a5 29. bxa6 bxa6 30. Ra1 a5 31. Raa4 axb4 32. Rxa8+ Kg7 33.
cxb4 Rc2 34. Ra2 Rc4 35. Ra4 d4 36. Kg2 Kg6 37. b3 Rc3 38. b5 Rxb3 39. Rxd4
Rxb5 40. Rg4+ Kf5 41. Rf4+ Kg6 42. Rf6+ Kg7 43. f4 Ra5 44. Kh3 Ra1 45. Kg4 Ra4
46. Kg5 Ra3 47. g4 Re3 48. Rh6 Re2 49. Rh1 Re4 50. Ra1 Re2 51. Ra5 Re3 52. Kh4
Re4 53. Kg5 Re3 54. Rb5 Re2 55. Rb3 Re1 56. Rf3 Re2 57. Kh4 Re1 58. Rf2 Re3 59.
Ra2 Re1 60. Kg3 Re4 61. Kf3 Re1 62. Rh2 Kg6 63. g5 Ra1 64. Rh6+ Kg7 65. Rf6 Rd1
66. g6 fxg6 67. Rxe6 Rd4 68. Rd6 Ra4 69. Rd7+ Kf8 70. Kg4 Ra6 71. Rd6 
1-0

[Event "Nordstrand GP Langsjakk 2019"]
[Site "Lambertseter gård"]
[Date "2019.04.05"]
[Round "4"]
[White "Dahl, Max"]
[Black "Altarbosh, Ward"]
[Result "0-1"]
[WhiteElo "1979"]
[BlackElo "2277"]
[PlyCount "120"]
[EventDate "2019.??.??"]

1. c4 c5 2. Nc3 Nc6 3. g3 g6 4. Bg2 Bg7 5. Nf3 Nh6 6. O-O Nf5 7. d3 O-O 8. e4
Nfd4 9. Nxd4 Nxd4 10. Ne2 Rb8 11. Nxd4 Bxd4 12. Rb1 b5 13. Bh6 Re8 14. b3 d6
15. Be3 e5 16. Bxd4 cxd4 17. Qd2 Re7 18. Rfc1 Reb7 19. c5 Be6 20. cxd6 Qxd6 21.
f4 Rc7 22. Rxc7 Qxc7 23. Rc1 Qd6 24. fxe5 Qxe5 25. Qf4 Qxf4 26. gxf4 Rc8 27.
Rxc8+ Bxc8 28. b4 f6 29. Kf2 Kf7 30. a3 Bb7 31. Bh3 Bc6 32. Bg4 h5 33. Bd1 Ke6
34. Bb3+ Ke7 35. h4 Bd7 36. Kg3 Kf8 37. Bd1 Kg7 38. Be2 Kh6 39. Bd1 Be8 40. Be2
g5 41. fxg5+ fxg5 42. Bd1 Kg6 43. Be2 Kf6 44. e5+ Kf5 45. e6 gxh4+ 46. Kxh4
Kxe6 47. Kg5 Ke5 48. Bf1 h4 49. Bh3 Bf7 50. Bg2 Bc4 $1 51. Kxh4 (51. dxc4 bxc4
$19) 51... Bxd3 52. Kg3 Be4 53. Bf1 d3 54. Kf2 Kd4 55. Bh3 Kc3 56. Ke3 d2 57.
Bg4 Bc2 58. Kf2 d1=Q 59. Bxd1 Bxd1 60. Ke1 Bh5 
0-1

[Event "Nordstrand GP Langsjakk 2019"]
[Site "Lambertseter gård"]
[Date "2019.04.05"]
[Round "4"]
[White "Storme, Isak"]
[Black "Eliseev, Sergey"]
[Result "1-0"]
[WhiteElo "2270"]
[BlackElo "1867"]
[PlyCount "129"]
[EventDate "2019.??.??"]

1. e4 c5 2. Nf3 d6 3. d4 cxd4 4. Nxd4 Nc6 5. Nc3 e6 6. Be3 Be7 7. Qd2 Nf6 8. f3
d5 9. Bb5 Bd7 10. exd5 Nxd5 11. Nxd5 exd5 12. O-O-O Rc8 13. Kb1 a6 14. Nxc6
Bxc6 15. Bd3 O-O 16. Bd4 Bd7 17. h4 Rc6 18. c3 Bf6 19. Bc2 Be6 20. h5 Bxd4 21.
Qd3 f5 22. Qxd4 Qb6 23. Qe5 Qc7 24. Qxc7 Rxc7 25. Rhe1 Kf7 26. Re5 Kf6 27. Rde1
Rc6 28. g4 g6 29. g5+ Kf7 30. hxg6+ hxg6 31. Bb3 Rd8 32. Rh1 Kg7 33. Kc2 b5 34.
Rh4 Bf7 35. Kd3 a5 36. Rd4 Rcd6 37. a3 R6d7 38. Ke3 Rd6 39. Re7 R6d7 40. Rxd7
Rxd7 41. Kf4 Rd6 42. Rd2 Rd8 43. Ke5 Re8+ 44. Kd4 Rd8 $2 (44... f4) 45. Re2 Rh8
46. Bxd5 Rh4+ 47. Kc5 Bxd5 48. Kxd5 Rh3 49. Re7+ Kf8 50. Rb7 Rxf3 51. Rxb5 Rg3
52. Ke5 Ke7 53. Rb7+ Ke8 54. Kf6 f4 55. Re7+ Kd8 56. Rf7 Rg1 57. Kxg6 Rf1 58.
b4 axb4 59. cxb4 f3 60. a4 f2 61. a5 Kc8 62. a6 Kb8 63. b5 Ka8 64. b6 Ra1 65.
Rf8# 
1-0

[Event "Nordstrand GP Langsjakk 2019"]
[Site "Lambertseter gård"]
[Date "2019.04.05"]
[Round "4"]
[White "Aarnes, Carl Christian"]
[Black "Nordquelle, Daniel"]
[Result "0-1"]
[WhiteElo "1808"]
[BlackElo "2264"]
[PlyCount "80"]
[EventDate "2019.??.??"]

1. e4 c5 2. Nf3 d6 3. d4 cxd4 4. Nxd4 Nf6 5. Nc3 a6 6. Bg5 Nbd7 7. a4 h6 8. Be3
b6 9. Bc4 Bb7 10. f3 e6 11. Qd2 Rc8 12. Ba2 Ne5 13. O-O d5 14. exd5 Nxd5 15.
Nxd5 Bxd5 16. b3 Bc5 17. c4 Bb7 18. Qc3 Qe7 19. Nc2 Qg5 20. Kh1 Bxe3 21. Qxe3
Qxe3 22. Nxe3 a5 23. Rad1 Rd8 24. Bb1 Ke7 25. Kg1 Rd7 26. Kf2 Rhd8 27. Ke2 Ba8
28. Rxd7+ Rxd7 29. Rd1 Rxd1 30. Nxd1 Kd6 31. Kd2 Kc5 32. Kc3 g5 33. Ne3 f5 34.
h3 h5 35. Bc2 f4 36. Nf1 g4 37. hxg4 hxg4 38. Be4 $2 Bxe4 39. fxe4 g3 40. Nd2
f3 
0-1

[Event "Nordstrand GP Langsjakk 2019"]
[Site "Lambertseter gård"]
[Date "2019.04.05"]
[Round "4"]
[White "Ness, Jarle"]
[Black "Abdrlauf, Elham"]
[Result "0-1"]
[WhiteElo "1789"]
[BlackElo "2123"]
[PlyCount "46"]
[EventDate "2019.??.??"]

1. e4 c6 2. d4 d5 3. Nd2 dxe4 4. Nxe4 Nf6 5. Nxf6+ exf6 6. Nf3 Bd6 7. Bd3 O-O
8. O-O Re8 9. Re1 Be6 10. c3 Nd7 11. Qc2 Nf8 12. Nd2 Qc7 13. h3 $2 Bb3 $1 14.
axb3 Rxe1+ 15. Nf1 a6 16. Rb1 Rae8 17. b4 g6 18. Be3 Rxb1 19. Qxb1 f5 20. Bxf5
gxf5 21. Qxf5 Ng6 22. g3 Bxg3 23. Bh6 (23. fxg3 Rxe3 24. Nxe3 Qxg3+ 25. Ng2
Qxg2+ 26. Kxg2 Nh4+ 27. Kf2 Nxf5) 23... Bf4 
0-1

[Event "Nordstrand GP Langsjakk 2019"]
[Site "Lambertseter gård"]
[Date "2019.04.05"]
[Round "4"]
[White "Olsen, Robin"]
[Black "Sidali, Elias Hulleberg"]
[Result "1-0"]
[WhiteElo "2044"]
[BlackElo "1944"]
[PlyCount "64"]
[EventDate "2019.??.??"]

1. d4 Nf6 2. c4 e6 3. Nf3 d5 4. Nc3 a6 5. cxd5 exd5 6. Bg5 Be6 7. e3 Nbd7 8.
Bd3 Bd6 9. O-O O-O 10. e4 dxe4 11. Nxe4 Be7 12. Qe2 Re8 13. Nxf6+ Bxf6 14. Be3
Bg4 15. Qc2 Nf8 16. Ne5 Bxe5 17. dxe5 Rxe5 18. Bf4 Rd5 19. Be4 Rd4 20. Be3 Rd6
21. Bxb7 Rb8 22. Be4 f5 23. Bxf5 Bxf5 24. Qxf5 Rxb2 25. Qe5 Rb8 26. Qc3 Ne6 27.
a4 Rd5 28. Qc4 Qd7 29. h4 Qc6 30. Qg4 Qe8 31. Rab1 Qg6 32. Rxb8+ Rd8 {
Notasjonen gir ingen mening.} 
1-0

[Event "Nordstrand GP Langsjakk 2019"]
[Site "Lambertseter gård"]
[Date "2019.04.05"]
[Round "4"]
[White "Selbekk, Vebjørn"]
[Black "Melaa, Sondre Lillestøl"]
[Result "0-1"]
[WhiteElo "1937"]
[BlackElo "1991"]
[PlyCount "68"]
[EventDate "2019.??.??"]

1. d4 d5 2. e3 Nf6 3. Bd3 c5 4. c3 Nc6 5. f4 e6 6. Nf3 Be7 7. O-O b6 8. Ne5 Bb7
9. Qf3 Qc7 10. Nd2 Rf8 11. a4 O-O-O 12. Qh3 Kb8 13. Ndf3 Ne4 14. Qxh7 Bf6 15.
Qh5 g6 16. Qg4 Ne7 17. Nd2 Nf5 18. Qf3 Nh4 19. Qd1 Rh8 20. a5 Qe7 21. axb6 Bxe5
22. bxa7+ Ka8 23. dxe5 Nxg2 $1 24. Kxg2 $2 (24. Qe2 Nh4 25. Ra4 g5 26. Nxe4
dxe4 27. Bxe4 Bxe4 28. Rxe4 g4 29. Ra4) 24... Rxh2+ $1 25. Kg1 Qh4 $6 (25...
Rh1+) 26. Qf3 Rh8 27. Nxe4 (27. Bxe4 dxe4 28. Nc4 Bd5 29. Nb6+ Kb7 30. a8=Q+
Rxa8 31. Rxa8 exf3) 27... Rh1+ $2 (27... Rd2) 28. Qxh1 Qxh1+ 29. Kf2 Qh2+ (
29... Qh4+ 30. Ng3 Qh2+) 30. Ke1 dxe4 31. Bc4 $2 (31. Be2) 31... Qc2 $6 (31...
Qg3+ 32. Kd2 Qg2+ 33. Be2 Rd8+) 32. Rf2 Rh1+ 33. Bf1 $2 (33. Rf1) 33... Qd3 34.
Ra5 Ba6 
0-1

[Event "Nordstrand GP Langsjakk 2019"]
[Site "Lambertseter gård"]
[Date "2019.04.05"]
[Round "4"]
[White "Vangen, David Luangtep"]
[Black "Digernes, Magnus"]
[Result "0-1"]
[WhiteElo "1710"]
[BlackElo "1953"]
[PlyCount "66"]
[EventDate "2019.??.??"]

1. e4 e6 2. d4 d5 3. e5 c5 4. c3 Nc6 5. Nf3 Bd7 6. a3 Nge7 7. b4 cxd4 8. cxd4
Nf5 9. Bb2 Qb6 10. Be2 Be7 11. O-O O-O 12. Bd3 Na5 13. Nbd2 Rac8 14. Rb1 Nc4
15. Nxc4 dxc4 16. Bxf5 exf5 17. Bc3 Qg6 18. Qd2 Bc6 19. d5 Rfd8 20. Rbd1 Bxd5
21. Qe3 Be4 22. Rd4 Rxd4 23. Bxd4 a6 24. Rc1 h6 25. Bc5 f4 26. Qxf4 Bxc5 27.
bxc5 Rxc5 28. Nh4 Qg5 29. Qxg5 hxg5 30. Re1 c3 31. Nf3 Bxf3 32. gxf3 b5 33. Kf1
a5 
0-1

[Event "Nordstrand GP Langsjakk 2019"]
[Site "Lambertseter gård"]
[Date "2019.04.05"]
[Round "4"]
[White "Tunsjø, Axel"]
[Black "Skaslien, Ingrid"]
[Result "1-0"]
[WhiteElo "1946"]
[BlackElo "1804"]
[PlyCount "59"]
[EventDate "2019.??.??"]

1. e4 d6 2. d4 Nf6 3. Nc3 Nbd7 4. Nf3 e5 5. Bc4 Be7 6. O-O c6 7. a4 O-O 8. Qe2
Qc7 9. h3 h6 10. Be3 a5 11. Rad1 Re8 12. g4 Nh7 13. dxe5 dxe5 14. h4 Nc5 15. g5
hxg5 16. hxg5 Be6 17. Kg2 Nf8 18. Rh1 Ng6 19. Nh4 Nf4+ 20. Bxf4 exf4 21. Qh5 f5
22. Rd7 Qxd7 23. Nf3 Bd6 24. g6 Kf8 25. Qh8+ Ke7 26. Qh4+ Kf8 27. Qg5 Bxc4 28.
Nd5 Qe6 29. Rh8+ Qg8 30. Qxf5# 
1-0